Psychology / (Record no. 29949)
[ view plain ]
| 000 -LEADER | |
|---|---|
| fixed length control field | 00853nam a22002652 4500 |
| 001 - CONTROL NUMBER | |
| control field | 29949 |
| 003 - CONTROL NUMBER IDENTIFIER | |
| rucl marc code | BD-RjUL |
| 005 - DATE AND TIME OF LATEST TRANSACTION | |
| control field | 20250113151146.0 |
| 008 - FIXED-LENGTH DATA ELEMENTS--GENERAL INFORMATION | |
| fixed length control field | 140408s1947 nyuad b 001 0 eng d |
| 035 ## - SYSTEM CONTROL NUMBER | |
| System control number | (BD-RjUL)29949 |
| 040 ## - CATALOGING SOURCE | |
| Original cataloging agency | EUW |
| Transcribing agency | EUW |
| Modifying agency | EQO |
| -- | BD-RjUL |
| Language of cataloging | eng |
| 041 ## - LANGUAGE CODE | |
| Language code of text/sound track or separate title | eng |
| 082 00 - DEWEY DECIMAL CLASSIFICATION NUMBER | |
| Classification number | 150 |
| Author mark and year | WOP 1947 |
| 100 1# - MAIN ENTRY--PERSONAL NAME | |
| Personal name | Woodworth, Robert Sessions, |
| Dates associated with a name | 1869-1962. |
| 9 (RLIN) | 89352 |
| 245 10 - TITLE STATEMENT | |
| Title | Psychology / |
| Statement of responsibility, etc. | by Robert S. Woodworth. |
| 250 ## - EDITION STATEMENT | |
| Edition statement | 5th ed. |
| 260 ## - PUBLICATION, DISTRIBUTION, ETC. (IMPRINT) | |
| Place of publication, distribution, etc. | New York : |
| Name of publisher, distributor, etc. | Henry holt and com., |
| Date of publication, distribution, etc. | c1947,1948 |
| 300 ## - PHYSICAL DESCRIPTION | |
| Pagination | x, 675 p. : |
| Illustrations | ill., charts ; |
| Size | 20 cm. |
| 500 ## - GENERAL NOTE | |
| General note | Cover and spine bear subtitle: A study of mental life. |
| General note | Also published New York: Holt, 1934, as 3rd ed. |
| 504 ## - BIBLIOGRAPHY, ETC. NOTE | |
| Bibliography, etc | Includes bibliographical references and index. |
| 650 #0 - SUBJECT ADDED ENTRY--TOPICAL TERM | |
| Topical term or geographic name as entry element | Psychology |
| 9 (RLIN) | 91126 |
| 700 1# - ADDED ENTRY--PERSONAL NAME | |
| Personal name | Marquis, Donald G. |
| 942 ## - ADDED ENTRY ELEMENTS (KOHA) | |
| Source of classification or shelving scheme | Dewey Decimal Classification |
| Koha item type | Books |
| Lost status | Source of classification or shelving scheme | Damaged status | Not for loan | Collection code | Permanent Location | Current Location | Shelving location | Date acquired | Source of acquisition | Full call number | Date last seen | Copy number | Koha item type | Total Checkouts |
|---|---|---|---|---|---|---|---|---|---|---|---|---|---|---|
| Dewey Decimal Classification | Not For Loan | Non-fiction | Central Library, University of Rajshahi | Central Library, University of Rajshahi | Reading Room | 07/09/1962 | Asia Foundation | 150 WOP 1947 | 08/04/2014 | C-1 | Books | |||
| Dewey Decimal Classification | Non-fiction | Central Library, University of Rajshahi | Central Library, University of Rajshahi | General Stacks | 07/04/1962 | Asia Foundation | 150 WOP 1948 | 13/01/2025 | C-2 | Books |